000
00246nam a2200109Ia 4500
008
220204s9999 xx 000 0 und d
082
_a
82-3
_b
DOD;1
100
_a
Dodson, Sam
245
0
_a
Sausalito..
260
_a
USA
_b
Fawcett
_c
1978
942
_c
BK
999
_c
33462
_d
33462